header

Statistical analysis of fMRI data (Record no. 216122)

MARC details
000 -LEADER
fixed length control field 01486nam a2200325 a 4500
082 04 - DEWEY DECIMAL CLASSIFICATION NUMBER
Classification number 616.07/548
100 1# - MAIN ENTRY--AUTHOR NAME
Personal name Ashby, F. Gregory.
245 10 - TITLE STATEMENT
Title Statistical analysis of fMRI data
260 ## - PUBLICATION, DISTRIBUTION, ETC. (IMPRINT)
Place of publication Cambridge, Mass. :
Name of publisher MIT Press,
Year of publication c2011.
300 ## - PHYSICAL DESCRIPTION
Number of Pages xiii, 332 p. :
Other physical details ill.
505 0# - FORMATTED CONTENTS NOTE
Formatted contents note Data formats -- Modeling the bold response -- Preprocessing -- The general linear model -- The multiple comparisons problem -- Group analyses -- Coherence analysis -- Granger causality -- Principal components analysis -- Independent component analysis -- Other methods.
650 #0 - SUBJECT ADDED ENTRY--TOPICAL TERM
Topical Term Magnetic resonance imaging.
Topical Term Brain mapping.
856 40 - ELECTRONIC LOCATION AND ACCESS
Uniform Resource Identifier http://site.ebrary.com/lib/rucke/Doc?id=10476082

No items available.

© 2026 Rongo University
Contact us: librarian | system librarian | Rongo university